LIBRARY ONLINE CATALOGUE

A Textbook of microbiology / (Record no. 4411)

MARC details
000 -LEADER
fixed length control field 00635nam a22002172 4500
001 - CONTROL NUMBER
control field 0000023689
005 - DATE AND TIME OF LATEST TRANSACTION
control field 20151217145943.0
008 - FIXED-LENGTH DATA ELEMENTS--GENERAL INFORMATION
fixed length control field 130318s xx 000 0 eng d
020 ## - INTERNATIONAL STANDARD BOOK NUMBER
International Standard Book Number 8121925592 :
040 ## - CATALOGING SOURCE
Original cataloging agency KABU
Transcribing agency KABU
100 1# - MAIN ENTRY--PERSONAL NAME
Personal name Dubey, R. C.
-- 0000183335
245 12 - TITLE STATEMENT
Title A Textbook of microbiology /
Statement of responsibility, etc. R. C. Dubey, D. K. Maheshwari.
250 ## - EDITION STATEMENT
Edition statement Rev. ed.
260 ## - PUBLICATION, DISTRIBUTION, ETC. (IMPRINT)
Place of publication, distribution, etc. New Delhi :
Name of publisher, distributor, etc. S. Chand,
Date of publication, distribution, etc. 2005.
300 ## - PHYSICAL DESCRIPTION
Extent xvi, 1034 p.
650 #0 - SUBJECT ADDED ENTRY--TOPICAL TERM
Topical term or geographic name as entry element Microbiology.
-- 0000155702
700 1# - ADDED ENTRY--PERSONAL NAME
Personal name Maheshwari, D. K.
-- 0000183336
852 1# - LOCATION
-- p2100 KES
908 ## - PUT COMMAND PARAMETER (RLIN)
Put command parameter 130318
950 ## - LOCAL HOLDINGS (RLIN)
-- 1
Holdings
Withdrawn status Lost status Source of classification or shelving scheme Not for loan Home library Current library Date acquired Total Checkouts Full call number Barcode Date last seen Date last checked out Price effective from Koha item type
    Library of Congress Classification   Kabarak, Main Campus Kabarak, Main Campus 17/12/2015 4 QR41.2 .D83 2005 c. 1 026522 04/08/2017 18/07/2017 17/12/2015 General Collection